| 000 | 00762cab a2200193 4500 | ||
|---|---|---|---|
| 001 | X84974 | ||
| 008 | 090401t1997 xxu||||| |||| 00| 0 eng d | ||
| 035 | _a(Sirsi) u79391 | ||
| 041 | _aeng | ||
| 245 | _aSanjay Lachhani and another v Destination Canada (UK) Limited | ||
| 260 | _c1997 | ||
| 350 | _a0 | ||
| 490 |
_aConstruction Law Journal _v[1997] 13 Const.L.J. 279-288(10) |
||
| 520 | _aORB 11 December 1996. Contract - induced uner common misunderstanding - no contract formed - contractor entitled to `fair value` - fair value generally ought to include reasonable or normal profit margin - effect of contractor`s pricing work at a loss. | ||
| 650 | _aFAIR VALUE | ||
| 690 | _aBUILDING AND CONSTRUCTION-CASE LAW | ||
| 942 | _n0 | ||
| 948 | _c02/07/1997 | ||
| 999 |
_c49900 _d49900 |
||